Caricamento...

Practical problem sloving for managers

Dettagli Bibliografici
Autore principale: Stevens, Michael
Natura: Printed Book
Lingua:Undetermined
Pubblicazione: New Delhi Universal book stall 1988
LEADER 00548nam a2200145Ia 4500
008 161229s9999 xx 000 0 und d
020 |a 8185274940 
082 |a 658.403 STE/PR 
100 |a Stevens, Michael  
245 |a Practical problem sloving for managers 
260 |b Universal book stall  |a New Delhi  |c 1988 
300 |a 247 
942 |c BK 
999 |c 152506  |d 152506 
952 |0 0  |1 0  |4 0  |6 658_403000000000000_STEPR  |7 0  |9 151569  |a KAUCLV  |b KAUCLV  |d 2016-12-29  |g 40.00  |o 658.403 STE/PR  |p 903815  |r 2016-12-29  |w 2016-12-29  |y BK  |z Book transferred from CCBM Library ,Acc.No:2083